Quick Pick: Declaration of Independence Drafters Quiz Stats

 Plays Quiz Updated Jul 4, 2019

Score 0/5 Timer 01:00
0 Plays Today
% Correct
Thomas Jefferson
90.3%
John Adams
79%
Benjamin Franklin
73.5%
Roger Sherman
24.4%
Robert Livingston
23.3%

Today's Daily Dose

Missing Word
TV Shows in Movies

Word Ladder
Birds of Prey

Quick Pick
Hot Drinks Only

You're not logged in!

Compare scores with friends on all Sporcle quizzes.
OR
Log In

Show Comments

Extras

Top Quizzes Today


Score Distribution

Your Account Isn't Verified!

In order to create a playlist on Sporcle, you need to verify the email address you used during registration. Go to your Sporcle Settings to finish the process.

Report this User

Report this user for behavior that violates our Community Guidelines.

Details: